000 00579cam a22001571 4500
082 _a526.9
_bRAY
_cL-16, P-5
100 1 _aRayner, William Horace,
_939615
245 1 0 _aAdvanced surveying,
_cby William Horace Rayner ... Volume II.
260 _aNew York,
_bD. Van Nostrand Company, Inc.
_cc1946
300 _axvii, 360 p. incl. illus., diagrs., forms, tables. (1 fold.)
_c20 cm.
500 _a"Supplementary to volume I, Elementary surveying."--Pref.
526 _a0
_b0
_c0
_d526_900000000000000_RAY
650 0 _aMCE
_xHistory.
_939616
650 0 _aSurveying.
942 _2ddc
_cBK
999 _c544073
_d544073